[Event "Schleswig-Holstein-ch HTA"]
[White "Suemnich, Manfred"]
[Black "Winzek, Florian"]
[Site "Buesum"]
[Round "3"]
[Result "0-1"]
[Date "2010.03.29"]
[WhiteElo "1489"]
[BlackElo "1479"]
[PlyCount "72"]
[EventDate "2010.03.27"]
[EventType "swiss"]
[EventRounds "9"]
[EventCountry "GER"]
[SourceTitle "EXT 2023"]
[Source "ChessBase"]
[SourceDate "2022.10.05"]
[SourceVersion "1"]
[SourceVersionDate "2022.10.05"]
[SourceQuality "1"]

1. e4 c5 2. Nf3 Nc6 3. d4 cxd4 4. Nxd4 Nf6 5. Nc3 e5 6. Nxc6 bxc6 7. Bd3 Bc5 8. 0-0 0-0 9. Bg5 d5 10. Bxf6 gxf6 11. Qh5 d4 12. Ne2 Kh8 13. f4 Qe7 14. f5 a5 15. Rf3 Rg8 16. Rh3 Rg7 17. Qh6 Bxf5 18. exf5 e4 19. Ng3 exd3 20. Nh5 Rag8 21. Nxg7 Rxg7 22. cxd3 Qe2 23. Rg3 Rxg3 24. hxg3 Be7 25. Rc1 c5 26. b3 Kg8 27. Kh2 Qf2 28. Qf4 Qe2 29. Qf3 Qd2 30. Rd1 Qc3 31. Qe2 Bd6 32. Re1 Be5 33. Kh3 a4 34. bxa4 c4 35. Rd1 Qa3 36. dxc4 Qxg3# 0-1

[Event "Schleswig Holstein-ch U16 VM"]
[White "Winzek, Florian"]
[Black "Radssat, Marc Rene"]
[Site "Neumuenster"]
[Round "6"]
[Result "0-1"]
[Date "2008.03.27"]
[WhiteElo "1032"]
[BlackElo "1464"]
[PlyCount "54"]
[EventDate "2008.03.24"]
[EventType "swiss"]
[EventRounds "9"]
[EventCountry "GER"]
[SourceTitle "EXT 2009"]
[Source "ChessBase"]
[SourceDate "2008.11.26"]
[SourceVersion "1"]
[SourceVersionDate "2008.11.26"]
[SourceQuality "1"]

1. d4 e6 2. Nf3 c5 3. c3 d5 4. Bf4 Nc6 5. e3 Nf6 6. Bd3 h6 7. Nbd2 Nh5 8. Bg3 Nxg3 9. hxg3 Qb6 10. Qc1 Bd6 11. Nh4 Bd7 12. f4 cxd4 13. exd4 Ne7 14. Qc2 Bb5 15. Nb3 Rc8 16. a4 Bc4 17. Bxc4 Rxc4 18. Nd2 Rc6 19. Kf2 Rc8 20. Qd3 Qxb2 21. Rhb1 Qxc3 22. Qb5+ Qc6 23. Qxb7 Qc7 24. Qb5+ Qd7 25. Qa6 Nc6 26. Rc1 0-0 27. Qd3 Nb4 0-1

[Event "Schleswig Holstein-ch U16 VM"]
[White "Winzek, Florian"]
[Black "Gogol, Max"]
[Site "Neumuenster"]
[Round "1"]
[Result "0-1"]
[Date "2008.03.24"]
[WhiteElo "1032"]
[BlackElo "1496"]
[PlyCount "74"]
[EventDate "2008.03.24"]
[EventType "swiss"]
[EventRounds "9"]
[EventCountry "GER"]
[SourceTitle "EXT 2009"]
[Source "ChessBase"]
[SourceDate "2008.11.26"]
[SourceVersion "1"]
[SourceVersionDate "2008.11.26"]
[SourceQuality "1"]

1. d4 Nf6 2. Nf3 g6 3. Bf4 Bg7 4. e3 0-0 5. Nbd2 d6 6. Bd3 Nbd7 7. Qe2 c5 8. c3 Qb6 9. Nb3 Qc7 10. 0-0-0 a6 11. Nbd2 b5 12. Ne4 c4 13. Nxf6+ Nxf6 14. Bc2 Qa5 15. Kb1 d5 16. h3 Ra7 17. g4 Rb7 18. Ne5 b4 19. cxb4 Qxb4 20. b3 cxb3 21. Bxb3 Ne4 22. Rc1 Nc3+ 23. Rxc3 Qxc3 24. Rc1 Qa5 25. Nd3 e6 26. Nc5 Qb5 27. Qb2 Ra7 28. h4 Bd7 29. h5 Rc8 30. Qd2 Bf8 31. Nxd7 Rxc1+ 32. Qxc1 Qxd7 33. hxg6 fxg6 34. Qc3 Ra8 35. Qa5 Qb5 36. Qd2 Rc8 37. Bg3 Ba3 0-1